Science Quiz

Random Science or Biology Quiz
Score 0/44 Timer 05:00
4 Plays Today
% Correct
Respiratory
87.2%
Digestive
87%
Reproductive
86.5%
Skeletal
86.1%
Digestive
85.7%
Digestive
85.4%
Reproductive
85.1%
Skeletal
84.6%
Circulatory
84.4%
Skeletal
82.8%
Circulatory
82.7%
Muscular
82.5%
Circulatory
82%
Skeletal
81.9%
Muscular
81.8%
Nervous
81.8%
Muscular
81.7%
Reproductive
80.6%
Respiratory
80.6%
Respiratory
80.4%
Skeletal
79.6%
Muscular
78.3%
% Correct
Urinary
76.8%
Nervous
76.5%
Integumentary
75.4%
Skeletal
75.1%
Urinary
73.8%
Endocrine
73%
Muscular
72.2%
Muscular
72.2%
Respiratory
71.1%
Lymphatic (Immune)
70.5%
Integumentary
70.2%
Nervous
70%
Integumentary
69.2%
Digestive
68.9%
Respiratory
68.1%
Endocrine
62.6%
Endocrine
62.2%
Urinary
58.3%
Digestive
49%
Digestive
44.8%
Lymphatic (Immune)
30.3%
Lymphatic (Immune)
25.1%
Remove Ads.
Support Sporcle.
Get the best of Sporcle when you Go Orange. This ad-free experience offers more features, more stats, and more fun while also helping to support Sporcle. Thank you for becoming a member.

You're not logged in!

Compare scores with friends on all Sporcle quizzes.
OR
Log In

Show Comments

Extras

Top Quizzes Today


Score Distribution

Your Account Isn't Verified!

In order to create a playlist on Sporcle, you need to verify the email address you used during registration. Go to your Sporcle Settings to finish the process.

Report this User

Report this user for behavior that violates our Community Guidelines.

Details: